Normal view
MARC view
- Democratization
Entry Topical Term
001 - CONTROL NUMBER
- control field: 12550
003 - CONTROL NUMBER IDENTIFIER
- control field: NUST
005 - DATE AND TIME OF LATEST TRANSACTION
- control field: 20181105044815.0
008 - FIXED-LENGTH DATA ELEMENTS
- fixed length control field: 181105|| aca||aabn | a|a d
040 ## - CATALOGING SOURCE
- Original cataloging agency: NUST
- Transcribing agency: NUST
150 ## - HEADING--TOPICAL TERM
- Topical term or geographic name entry element: Democratization
- Geographic subdivision: Southeast Asia.
670 ## - SOURCE DATA FOUND
- Source citation: Work cat.: (NUST)0: Democracy, governance, and economic performance :, 1999.
